Szczegóły MARC21

Wstęp do współczesnych teorii lingwistycznych /

003 -Nazwa inst., której nr kontr. jest w polu 001 [,]
    • @
    • Nazwa instytucji, której n kontrolny jest w polu 001
    • NUKAT
005 -DATA I CZAS OSTATNIEJ MODYFIKACJI [,]
    • @
    • pole kontrolne
    • 20241231110300.0
040 -Instytucja sporządzająca opis [ , ]
    • a
    • Instytucja, która sporządziła opis (NP)
    • GD U/MZ
    • c
    • Instytucja, która sporządziła rekord (NP)
    • GD U/MZ
    • d
    • Instytucja, która zmodyfikowała rekord (P)
    • GD U/MZ
    • d
    • Instytucja, która zmodyfikowała rekord (P)
    • GD U/ISSs
942 -Rodzaj dokumentu [ , ]
    • c
    • Rodzaj dokumentu
    • Książka
100 -Hasło główne - nazwa osobowa [1, ]
    • a
    • Nazwa osobowa (NP)
    • Fisiak, Jacek
    • d
    • Daty biograficzne (NP)
    • (1936-2019).
    • 9
    • KHW
    • 48313
245 -Strefa tytułu i oznaczenia odpowiedzialności [1,0]
    • a
    • Tytuł
    • Wstęp do współczesnych teorii lingwistycznych / Find
    • c
    • Pozostałe elementy strefy tytułu i oznaczenia odpowiedzialności (NP)
    • Jacek Fisiak.
260 -Strefa adresu wydawniczego [ , ]
    • a
    • Miejsce wydania (P)
    • Warszawa :
    • b
    • Nazwa wydawcy (P)
    • Wydawnictwa Szkolne i Pedagogiczne,
    • c
    • Data wydania (P)
    • 1975.
300 -Strefa opisu fizycznego [ , ]
    • a
    • Określenie formy książki i/lub objętość (NP)
    • 143, [1] s. :
    • b
    • Oznaczenie ilustracji (NP)
    • rys., wykr. ;
    • c
    • Format (NP)
    • 21 cm.
336 -Typ zawartości [ , ]
    • a
    • Termin opisujący typ zawartości
    • Tekst
    • b
    • Kod określający zawartość
    • txt
    • 2
    • Źródło (terminu i kodu)
    • rdacontent
337 -Typ mediów [ , ]
    • a
    • Tryb odtwarzania
    • Bez urządzenia pośredniczącego
    • b
    • Kod typu mediów
    • n
    • 2
    • Źródło (terminu i kodu)
    • rdamedia
338 -Typ/rodzaj nośnika [ , ]
    • a
    • Hasło opisujące typ nośnika
    • Wolumin
    • b
    • Kod typu nośnika
    • nc
    • 2
    • Źródło (terminu i kodu)
    • rdacarrier
490 -Strefa serii i książki wielotomowej - forma nie do wyszukiwania [1, ]
    • a
    • Tytuł (P)
    • Biblioteka Nauczycieli Języków Obcych Find
830 -Hasło dodatkowe serii i opisu książki wielotomowej - tytuł ujednolicony/tytuł [ ,0]
    • a
    • Tytuł ujednolicony/tytuł (NP)
    • Biblioteka Nauczycieli Języków Obcych
    • 9
    • KHW
    • 15713
504 -Uwaga dot. bibliogr. załącznikowej [ , ]
    • a
    • Uwaga dot. bibliografii załącznikowej
    • Bibliogr. s. 128-[131].
504 -Uwaga dot. bibliogr. załącznikowej [ , ]
    • a
    • Uwaga dot. bibliografii załącznikowej
    • Indeks.
650 -Hasło przedmiotowe [ ,7]
    • a
    • Hasło przedmiotowe
    • Językoznawstwo.
    • 2
    • Źródło terminu
    • kaba
    • 9
    • KHW
    • 113643
710 -Hasło dodatkowe - nazwa ciała zbiorowego [2, ]
    • a
    • Nazwa ciała zbiorowego lub nazwa geograficzna jako pierwszy element (NP)
    • Wydawnictwa Szkolne i Pedagogiczne.
    • 4
    • Kod relacji
    • pbl
    • 9
    • KHW
    • 52547
Status udost. Sygnatura Numer inwentarzowy Data inwentaryzacji Lokalizacja Uwagi nie widoczne w OPAC
-9 W.450132000-06-14BG 
-9 W.450202000-06-14BG 
-9 W.450212000-06-14BG 
-9 W.450152000-06-14BG 
-9 W.450162000-06-14BG 
-9 W.450182000-06-14BG 
-9 W.450032000-06-14BG 
-9 W.450012000-06-14BG 
-9 W.450222000-06-14BG 
-9 W.437232000-06-14BG 
-6 W.437042000-06-14BG 
-9 W.437052000-06-14BG 
2 W.450082000-06-14BG 
-9 W.437122000-06-14BG 
-9 W.437142000-06-14BG 
-9 W.437192000-06-14BG 
-9 W.437222000-06-14BG 
-9 W.437072000-06-14BG 
2 W.437182000-06-14BG 
-9 W.450142000-06-14BG 
-9 W.450002000-06-14BG 
-9 W.450022000-06-14BG 
-9 W.450072000-06-14BG 
-9 W.437152000-06-14BG 
-9 W.450122000-06-14BG 
-9 W.437172000-06-14BG 
-9 W.437162000-06-14BG 
-9 W.437062000-06-14BG 
-9 W.437082000-06-14BG 
-9 W.437102000-06-14BG 
-9 W.450052000-06-14BG 
2 W.450062000-06-14BG 
-6 W.450092000-06-14BG 
-9 W.450112000-06-14BG 
-9 W.450172000-06-14BG 
-9 W.450192000-06-14BG 
2Z.19030Z.190302000-06-14BG 
2 W.43713 BGretrokonwersja
2 W.45010 BGretrokonwersja
2 W.43721 BGretrokonwersja
-6 W.43711 BGretrokonwersja
2 W.45004 BGretrokonwersja
-6 W.43709 BGretrokonwersja
2 W.43720 BGretrokonwersja
-6 P.93802000-06-14BM 
1 P.164722000-06-14BM 
1 Q.21382019-07-08BM 
1POL. Językoznawstwo 05A.33472000-06-14BM